| 000 | 00649nam a22001575i 4500 | ||
|---|---|---|---|
| 001 | 170028 | ||
| 003 | ES-MaACL | ||
| 005 | 20230906214251.0 | ||
| 008 | 090115s1990 sp |||| | spa d | ||
| 100 | 1 |
_aGarcía-Diego, José A. _954541 |
|
| 245 | 1 | 1 |
_a[Separata del prólogo del libro: Ensayo sobre la composición de las máquinas de José María de Lanz y Agustín de Betancourt] / _cJosé A. García-Diego. |
| 260 |
_aMadrid : _bColegio de Ingenieros de Caminos, Canales y Puertos, _c1990. |
||
| 300 |
_aXXIX, [8] p. de lám. ; _c27 cm. |
||
| 710 | 2 |
_aColegio de Ingenieros de Caminos, Canales y Puertos. _9139226 |
|
| 852 |
_aES-MaACL _j2240-F-14 |
||
| 999 |
_c170028 _d170028 |
||